000 01063nam a22003137a 4500
001 0047300
003 KOHA_MİRAKIL
005 20260207003542.0
007 ta
008 150212b2014 tu a|||gr||||#||||0|tur |
020 _a9789759284763
_q
040 _aTR-BiSEU
_btur
_cTR-BiSEU
_erda
041 0 _atur
044 _ctu
050 _aB741
_b.A33 2014
245 0 _aAkademide felsefe hikmet ve din/
_cEditör Bayram Ali Çetinkaya ; editör yardımcıları Harun Savut, Hasan Meydan..
264 1 _aZonguldak :
_bBülent Ecevit Üniversitesi Yayınları
_c2014
300 _aXIi, 523 sayfa :
_bresimli ;
_c28 cm.
336 _ametin
_btxt
_2rdacontent
337 _aaracısız
_bn
_2rdamedia
338 _acilt
_bnc
_2rdacarrier
490 1 _aBülent Ecevit Üniversitesi yayınları no ;
_v3
500 _aKaynakça ve dizin var.
650 0 _aPhilosophy and religion.
_934416
650 0 _aIslam and philosoph.
_986886
650 0 _aIslamic philosophy.
_923248
830 1 _aBülent Ecevit Üniversitesi yayınları no ;
_v3
_986887
942 _2lcc
_cBK
999 _c47145
_d47145